Регионална библиотека "Любен Каравелов" - Русе

Българските роми и Холокостът (Запис номер 473090)

MARC детайли
000 -Лидер
Контролно поле с фиксирана дължина nam a22 a 4500
003 - Код на организацията, давaща контролен номер
Контролно поле BLK
005 - Дата и час на последна редакция
Контролно поле 20220910145207.0
008 - Елементи от данни с фиксирана дължина
fixed length control field 220910b bu |||||r|||| 00| | bu d
020 ## - Международен стандартен номер на книга ISBN
Международен стандартен номер на книга ISBN 9786190015062
040 ## - Източник на каталожния запис
Идентификатор на билиотеката - собственик на записа BLK
041 ## - Код за език
Код за езика на текст/звукозапис или на отделно заглавие Български
Код за езика КДБФ Български
080 ## - УДК
Текстов определител УДК Средновековна и нова обща история
УДК код - определител по УДК 94
УДК определител (=214.58)(497.2)
УДК - код + определител 94(=214.58)(497.2)
080 ## - УДК
Текстов определител УДК България през Втората световна война (1939-1944)
УДК код - определител по УДК 94(497.2)"1939/1944"
УДК - код + определител 94(497.2)"1939/1944"
100 1# - Редна дума - Автор
Автор Кючуков, Христо Славов
Авторска отговорност първи автор
R(LIN) 86879
139 ## - Редно поле
Редна дума Кючуков, Христо Славов
245 ## - Сведения за заглавието
Заглавие Българските роми и Холокостът
Редно поле (дума) Христо Кючуков
260 ## - Област на издателските данни
Място на издаване, разпространение и проч. В. Търново
Име на издателя, разпространителя и проч. Фабер
Година на издаване 2022
9 (RLIN) 209950
300 ## - Физическа характеристика
Страници 55 с. : с ил., портр.
Размери/Мащаб 20 см
380 ## - Жанр
Жанр История
500 ## - Общи забележки
Забележка Биогр. данни за авт.
504 ## - Забележка за наличие на библиография и др
Забележка за наличие на библиография и под. Библиогр.: с. 52-54
650 #0 - Допълнително описание по предмет – тема
9 (RLIN) 272990
Основно описание – тема или топоним Роми - България
650 #0 - Допълнително описание по предмет – тема
9 (RLIN) 265154
Основно описание – тема или топоним Втора световна война - жестокости
653 #7 - Ключова дума – ненормативна
9 (RLIN) 200060
Ключова дума Холокост
653 #7 - Ключова дума – ненормативна
9 (RLIN) 195735
Ключова дума роми
852 ## - Местоположение
Форматна сигнатура Цб 314271
Фондова буква Хранилище
999 ## - СИСТЕМНИ КОНТРОЛНИ НОМЕРА
Koha biblionumber 473090
Koha biblioitemnumber 473090
942 ## - АРТИКУЛИ
Вид на библиотечния материал Книги
Източник на класификационната схема Universal Decimal Classification
Скрит в OPAC Не
Периодичен библиозапис Да
944 ## - СЪЗДАВАНЕ И РЕДАКЦИЯ на ЗАПИСА
Служител, извършил регистрацията/редакцията ГГГ
Създаване/Редакция Създаване
Дата на регистрацията/редакция 2022-09-10
Наличности
Код за отписване Код за изгубен артикул Източник на класификационната схема Код за повреда Коз за рестрикции Код за отдаване Артикулен № Име на библиотеката - собственик Име на библиотеката, в която се намира в момента Статус (Текущо местоположение) Дата на вписване в системата Местоположение - отдел Цена в лева Систематично азбучна сигнатура Баркод Цена в евро Служебен тип на артикула
  Не е изгубен Universal Decimal Classification Не е повреден само за читалня ползва се в читалня 904229 Регионална библиотека "Любен Каравелов" Русе Регионална библиотека "Любен Каравелов" Русе Хранилище 2022-09-14 Хранилище 6.00 Цб 314271 120000876642 3.07 Книги
Vip Innovations Ltd, Rousse, Bulgaria 2025